000 00928cam a22002535a 4500
001 ##L125953
008 040426s1997 xxk f 000 0 eng d
020 _a0117020648
035 _a(Sirsi) u125953
041 0 _aeng
050 0 4 _a692.5 $2 18
110 2 _aCarillion Services
_93856
245 0 0 _aPSA schedule of rates for electrical services
250 _a3rd ed.
260 _aLondon
_bThe Stationery Office
_c1997
300 _a252p.
_c30cm.
350 _a140
520 _aThis price guide covers all aspects of electrical work, including the installation of fire alarms and public address systems and the provision of aviation and ground lighting, with rates for testing and inspection.
520 _aSuperseded by fourth edition (ISBN 011702855X)
651 4 _aUnited Kindom
_c1973-
690 _aBUILT ENVIRONMENT-BUILDING COSTS
710 2 _aUnited Kingdom
_bProperty Services Agency
_91138
942 _n0
999 _c103524
_d103524